000 00593nam a2200229 a 4500
005 20210219153147.0
008 991125n 000 0 u
035 _aUPN01000081154
100 _aWinters, Loren M.
222 0 _aPHYSICS TEACHER
245 0 _aHigh-speed photography with computer control
300 _a356-368
362 _a29, No. 6, 1991
505 _aFebrero 1993
653 0 _aDISEÑO ASISTIDO POR ORDENADOR
653 0 _aEXPERIMENTOS CIENTIFICOS
653 0 _aFISICA
653 0 _aFOTOGRAFIA
653 0 _aMOCION
904 _aAC
_b018965
905 _aArticulo
999 _c69793
_d69793